A forraltbor minőségének ellenőrzése

Elmentve itt :
Bibliográfiai részletek
Szerző: Sarudi Imre
Dokumentumtípus: Cikk
Megjelent: Lapkiadó Vállalat Budapest 1967
Sorozat:Élelmiszervizsgálati közlemények
Kulcsszavak:Élelmiszerellenőrzés, Élelmiszervizsgálat - minőség
Tárgyszavak:
Online Access:http://acta.bibl.u-szeged.hu/81237
LEADER 00837nab a2200205 i 4500
001 acta81237
005 20230914091126.0
008 230914s1967 hu o 0|| hun d
040 |a SZTE Egyetemi Kiadványok Repozitórium  |b hun 
041 |a hun 
100 1 |a Sarudi Imre 
245 1 2 |a A forraltbor minőségének ellenőrzése  |h [elektronikus dokumentum] /  |c  Sarudi Imre 
260 |a Lapkiadó Vállalat  |b Budapest  |c 1967 
300 |a 322-326 
490 0 |a Élelmiszervizsgálati közlemények 
650 4 |a Műszaki és technológiai tudományok 
650 4 |a Egyéb műszaki tudományok és technológiák 
650 4 |a Élelmiszer és italfélék 
695 |a Élelmiszerellenőrzés, Élelmiszervizsgálat - minőség 
856 4 0 |u http://acta.bibl.u-szeged.hu/81237/1/elelmiszervizsgalati_kozlemenyek_1967_05-06_322-326.pdf  |z Dokumentum-elérés